| 000 | 00944nam a2200337 4500 | ||
|---|---|---|---|
| 001 | 409132 | ||
| 003 | DO-SdBNP | ||
| 005 | 20180221100844.0 | ||
| 007 | 409132 | ||
| 008 | 940704s1992 sp | |||| ||spa | ||
| 016 | 7 |
_a _2BPMSU |
|
| 017 |
_a _b |
||
| 020 | _a8434811685 | ||
| 035 | _a | ||
| 040 |
_aBPMSU _bspa _cBPMSU _e |
||
| 041 | 1 |
_aspa _h |
|
| 080 | 0 | _a | |
| 100 | 1 | _aRöhrig, Tilman | |
| 240 | 1 | 0 |
_aWenn Tina brüllt. _lEspañol |
| 245 | 1 | 0 |
_aCuando Tina berrea / _cTilman Röhrig ; ilustraciones de Manfred Limmroth ; traducción, Jesús Larriba. _h |
| 250 | _a10ª ed. | ||
| 260 |
_aMadrid : _bSM, _c1992. |
||
| 300 |
_a64 p.: _bil. ; _c19 cm. |
||
| 490 | 1 |
_aEl barco de vapor _v4 |
|
| 700 | 1 | 2 |
_aLimmroth, Manfred, _4il. |
| 700 | 1 | 2 |
_aLarriba, Jesús, _etr. |
| 830 | 0 |
_aEl barco de vapor, blanca _v46 |
|
| 942 |
_2ddc _cBK |
||
| 945 | _aInventariado, 2018 /LP | ||
| 956 |
_aVMATEO _210 _320151125 _6BPMSU _800151 |
||
| 999 |
_c8900 _d8900 |
||